Homonyms Quiz #4 - Statistics

General Stats
  • This quiz has been taken 57,753 times
    49,909 since last reset
  • The average score is 12 of 20
Answer Stats
Meaning #1 Meaning #2 Answer % Correct
Duck noise Unqualified doctor Quack
98%
Half of a half To billet Quarter
86%
Celestial body Celebrity Star
84%
Weighing device To climb to the top of Scale
80%
To enter an airplane Plank of wood Board
76%
Container for arrows To tremble Quiver
74%
Sheltered from the sun Untrustworthy Shady
74%
Card game Fire prodding stick Poker
72%
To hurry Fraternity recruitment period Rush
68%
Tall tale Knitting material Yarn
66%
To tussle Discarded metal Scrap
65%
Vessel for holding liquid Baseball position Pitcher
56%
Source of water or oil In good health Well
54%
Drinking vessel To rob Mug
51%
Folding makeup case Small car Compact
40%
Body part Keyboard instrument Organ
39%
Stem of a plant To pursue furtively Stalk
35%
Bathroom compartment To pause Stall
30%
Military level Malodorous Rank
28%
Timber To move clumsily Lumber
27%
No matching quizzes found
Score Distribution
Percent of People with Each Score
Percentile by Number Answered
Your Score History
You have not taken this quiz since the last reset